Todo por la patria / (Registro nro. 6527)
[ vista simple ]
| 000 -LEADER | |
|---|---|
| fixed length control field | 01924nam a22002657a 4500 |
| 003 - CONTROL NUMBER IDENTIFIER | |
| control field | OSt |
| 005 - DATE AND TIME OF LATEST TRANSACTION | |
| control field | 20250410161832.0 |
| 008 - FIXED-LENGTH DATA ELEMENTS--GENERAL INFORMATION | |
| fixed length control field | 200214s2018 ck ||||gr|||| 00| f spa d |
| 020 ## - INTERNATIONAL STANDARD BOOK NUMBER | |
| International Standard Book Number | 9789584274564 |
| 040 ## - CATALOGING SOURCE | |
| Original cataloging agency | CO-JMCR |
| Transcribing agency | CO-JMCR |
| 041 0# - LANGUAGE CODE | |
| Language code of text/sound track or separate title | spa |
| 082 ## - DEWEY DECIMAL CLASSIFICATION NUMBER | |
| Classification number | A-N |
| Item number | CAPt |
| 100 1# - MAIN ENTRY--PERSONAL NAME | |
| Personal name | Caparrós, Martín, |
| Relator term | autor |
| 9 (RLIN) | 611 |
| 245 10 - TITLE STATEMENT | |
| Title | Todo por la patria / |
| Statement of responsibility, etc. | Martín Caparrós |
| 250 ## - EDITION STATEMENT | |
| Edition statement | 1a. edición |
| 260 ## - PUBLICATION, DISTRIBUTION, ETC. | |
| Place of publication, distribution, etc. | Bogotá : |
| Name of publisher, distributor, etc. | Planeta, |
| Date of publication, distribution, etc. | 2018 |
| 300 ## - PHYSICAL DESCRIPTION | |
| Extent | 295 páginas ; |
| Dimensions | 23 cm. |
| 500 ## - GENERAL NOTE | |
| General note | Incluye datos biográficos del autor. |
| 520 ## - SUMMARY, ETC. | |
| Summary, etc. | Buenos Aires, 1933. La crisis atenaza, la desesperanza cunde, el fútbol viene al rescate. Pero el futbolista más caro y más famoso de su tiempo, Bernabé Ferreyra, acaba de desaparecer; los diarios dicen que se fue al pueblo natal, Junín, para exigir todavía más dinero a su club, River Plate. Andrés Rivarola, a quien todos llaman el Pibe, es amigo de su proveedor de cocaína y cree que puede convencerlo de volver. Cuando lo intenta, el asesinato en un petit hotel de Barrio Norte amenaza con transformarse en un escándalo. En una ciudad acechada por los fascistas, las carnes, la pobreza y la literatura, Rivarola puede aprovechar la oportunidad para favorecer su suerte. Busca, se equivoca, busca más, intenta escribir tangos –el género que mejor interpretó como angustia sentimental los infortunios y las ansiedades de la movilidad social–, mientras fatiga la Recoleta, el Matadero, el Hipódromo de Palermo, el Plaza Hotel, la confitería Richmond, la Jefatura de Policía, el diario Crítica, los conventillos, los cafés literarios. También se enamora de una pelirroja a quien pretende, entre otros, un joven poeta torpe y tímido: Jorge Luis Borges. |
| 650 14 - SUBJECT ADDED ENTRY--TOPICAL TERM | |
| Topical term or geographic name entry element | Novela argentina |
| 9 (RLIN) | 32 |
| 650 14 - SUBJECT ADDED ENTRY--TOPICAL TERM | |
| Topical term or geographic name entry element | Novela histórica |
| 9 (RLIN) | 186 |
| 650 14 - SUBJECT ADDED ENTRY--TOPICAL TERM | |
| Topical term or geographic name entry element | Buenos aires en la literatura |
| 9 (RLIN) | 612 |
| 650 14 - SUBJECT ADDED ENTRY--TOPICAL TERM | |
| Topical term or geographic name entry element | Suspenso en la literatura |
| 9 (RLIN) | 613 |
| 942 ## - ADDED ENTRY ELEMENTS (KOHA) | |
| Source of classification or shelving scheme | Dewey Decimal Classification |
| Koha item type | Books |
| Withdrawn status | Lost status | Source of classification or shelving scheme | Damaged status | Not for loan | Collection code | Home library | Current library | Shelving location | Date acquired | Source of acquisition | Cost, normal purchase price | Total Checkouts | Full call number | Barcode | Date last seen | Date last checked out | Copy number | Price effective from | Koha item type |
|---|---|---|---|---|---|---|---|---|---|---|---|---|---|---|---|---|---|---|---|
| Dewey Decimal Classification | Fiction | Biblioteca Pública José María del Castillo y Rada | Biblioteca Pública José María del Castillo y Rada | Processing Center | 12/19/2019 | Donación | 0.00 | 1 | A-N CAPt | 201809759 | 10/02/2023 | 10/02/2023 | Ej.1 | 02/14/2020 | Books |